Journal of small business management advancing entrepreneurship research worldwide

Salvato in:
Dettagli Bibliografici
Natura: Periodico
Lingua:inglese
Pubblicazione: Malden Blackwell Publ. 2010
Soggetti:
Tags: Aggiungi Tag
Nessun Tag, puoi essere il primo ad aggiungerne!!

MARC

LEADER 00000nas2a2200000 4500
001 0181908
005 20140214081241.0
022 |a 0047-2778 
041 0 |a eng 
044 |a US 
245 1 0 |a Journal of small business management  |b advancing entrepreneurship research worldwide 
264 1 |a Malden  |b Blackwell Publ.  |c 2010 
773 0 |w eu_un_cat*0082089 
610 2 0 |a manažment 
610 2 0 |a podnik malý 
610 2 0 |a podnikanie